| 000 | 00715nam a2200229 u 4500 | ||
|---|---|---|---|
| 005 | 20240110063626.0 | ||
| 008 | 170324s2010 mx r 000 0 spa d | ||
| 020 | _a9786071601421 | ||
| 035 | _aUPN01000217039 | ||
| 049 | _aI | ||
| 050 | 4 |
_aPZ74.7 _bG6.3 |
|
| 100 | 1 |
_aGomi, Taro, _d1945- _940333 |
|
| 245 | 1 | 0 |
_aCocodrilo va al dentista / _cTaro Gomi ; tr. Kazuko Nagao. |
| 260 |
_aMéxico : _bFCE, _c2010. |
||
| 300 |
_a[36] p. : _bprincipalmente il. col. |
||
| 440 | 2 | _aA la orilla del viento | |
| 534 |
_pTítulo original : _tWani-san Doki Haisha-san Doki |
||
| 650 | 4 |
_aCUENTOS HUMORISTICOS _911283 |
|
| 650 | 2 |
_aHábitos de higiene _99714 |
|
| 650 | 4 |
_aNiños _xSalud e higiene _94876 |
|
| 905 | _aInfantil | ||
| 999 |
_c189139 _d189139 |
||